| 000 | 00342nam a2200133Ia 4500 | ||
|---|---|---|---|
| 008 | 240624s9999 xx 000 0 und d | ||
| 041 | _aeng | ||
| 082 | _a338.1 ROC | ||
| 100 | _aROCHE JULIAN | ||
| 245 | _aAGRIBUSINESS AN INTERNATIONAL PERSPECTIV | ||
| 260 |
_c2020 _aLondon _bRoutledge |
||
| 300 | _axiii, 439 p.; 23 cm. | ||
| 365 |
_cBPS _b31 |
||
| 999 |
_c31946 _d31946 |
||